ბათუმის შოთა რუსთაველის სახელმწიფო უნივერსიტეტის ბიბლიოთეკა

Disability Inclusion and Inclusive Education / (ბიბ.ჩანაწერი № 58052)

000 -LEADER
fixed length control field 00662nam a22001937a 4500
005 - DATE AND TIME OF LATEST TRANSACTION
control field 20210602124044.0
008 - FIXED-LENGTH DATA ELEMENTS--GENERAL INFORMATION
fixed length control field 210602s2019 enk||||| |||| 00| 0 eng d
020 ## - INTERNATIONAL STANDARD BOOK NUMBER
International Standard Book Number 9789811505232
041 ## - LANGUAGE CODE
Language code of text/sound track or separate title eng
080 ## - UNIVERSAL DECIMAL CLASSIFICATION NUMBER
Universal Decimal Classification number 376 D-63
245 ## - TITLE STATEMENT
Title Disability Inclusion and Inclusive Education /
Statement of responsibility, etc. Editor Sailaja Chennat.
264 ## - PRODUCTION, PUBLICATION, DISTRIBUTION, MANUFACTURE, AND COPYRIGHT NOTICE
Place of production, publication, distribution, manufacture Delhi :
Name of producer, publisher, distributor, manufacturer Springer,
Date of production, publication, distribution, manufacture, or copyright notice 2019.
300 ## - PHYSICAL DESCRIPTION
Extent 193 p.
Other physical details 24 cm.
653 ## - INDEX TERM--UNCONTROLLED
keyword ინკლუზიური განათლება
653 ## - INDEX TERM--UNCONTROLLED
keyword Disability Inclusion and Inclusive Education
653 ## - INDEX TERM--UNCONTROLLED
keyword инклюзивное образование
700 ## - ADDED ENTRY--PERSONAL NAME
Personal name Chennat, Sailaja
Relator term რდაქტორი
9 (RLIN) 11933
942 ## - ADDED ENTRY ELEMENTS (KOHA)
Source of classification or shelving scheme
Koha item type წიგნი
ეგზემპლარები
Withdrawn status Lost status Source of classification or shelving scheme Damaged status Not for loan Permanent Location Current Location Shelving location Date acquired Cost, normal purchase price Full call number Barcode Date last seen Copy number Price effective from Koha item type Public note
          ბათუმის შოთა რუსთაველის სახელმწიფო უნივერსიტეტის მთავარი ბიბლიოთეკა ბათუმის შოთა რუსთაველის სახელმწიფო უნივერსიტეტის მთავარი ბიბლიოთეკა წიგნსაცავი 2021-06-02 333.00 376 D-63 61347 2021-06-02 61347 2021-06-02 წიგნი 333 ლ.